Central Library OPAC University of Rajshahi

English language teaching in India : (Record no. 50384)

MARC details
000 -LEADER
fixed length control field 00709nam a2200229 a 4500
001 - CONTROL NUMBER
control field 50384
003 - CONTROL NUMBER IDENTIFIER
rucl marc code BD-RjUL
005 - DATE AND TIME OF LATEST TRANSACTION
control field 20211209075512.0
008 - FIXED-LENGTH DATA ELEMENTS--GENERAL INFORMATION
fixed length control field 160824s1995 ii ||||| |||| 001 0 eng d
020 ## - INTERNATIONAL STANDARD BOOK NUMBER
International Standard Book Number 8171565549
035 ## - SYSTEM CONTROL NUMBER
System control number (BD-RjUL)50504
040 ## - CATALOGING SOURCE
Original cataloging agency BD-RjUL
Language of cataloging eng
Transcribing agency BD-RjUL
Modifying agency BD-RjUL
041 ## - LANGUAGE CODE
Language code of text/sound track or separate title eng
082 ## - DEWEY DECIMAL CLASSIFICATION NUMBER
Edition number 23
Classification number 428.0071054
Author mark and year ALE 1995
100 10 - MAIN ENTRY--PERSONAL NAME
Personal name Alam, Qaiser Zoha
9 (RLIN) 150981
245 ## - TITLE STATEMENT
Title English language teaching in India :
Remainder of title (problems and issues) /
Statement of responsibility, etc. Qaiser Zoha Alam
260 ## - PUBLICATION, DISTRIBUTION, ETC. (IMPRINT)
Place of publication, distribution, etc. New Delhi :
Name of publisher, distributor, etc. Atlantic Publishers,
Date of publication, distribution, etc. c1995
300 ## - PHYSICAL DESCRIPTION
Pagination 145 p. ;
Size 22 cm.
500 ## - GENERAL NOTE
General note includes index
650 ## - SUBJECT ADDED ENTRY--TOPICAL TERM
Topical term or geographic name as entry element English language
General subdivision Study and teaching (Higher)
Geographic subdivision India
9 (RLIN) 150982
942 ## - ADDED ENTRY ELEMENTS (KOHA)
Source of classification or shelving scheme Dewey Decimal Classification
Koha item type Books
Holdings
Lost status Source of classification or shelving scheme Damaged status Not for loan Collection code Permanent Location Current Location Shelving location Date acquired Source of acquisition Cost, normal purchase price Total Checkouts Full call number Date last seen Copy number Koha item type
  Dewey Decimal Classification     Non-fiction Central Library, University of Rajshahi Central Library, University of Rajshahi   22/08/1998 Ankur prakashani 302.00   428.0071054 ALE 1995 24/08/2016 C-2 Books
  Dewey Decimal Classification     Non-fiction Central Library, University of Rajshahi Central Library, University of Rajshahi   22/08/1998 Ahkur Prakashani 302.00   428.0071054 ALE 1995 29/08/2016 C-3 Books
  Dewey Decimal Classification     Non-fiction Central Library, University of Rajshahi Central Library, University of Rajshahi   22/08/1998 Ahkur Prakashani 302.00   428.0071054 ALE 1995 29/08/2016 C-4 Books
  Dewey Decimal Classification   Not For Loan Non-fiction Central Library, University of Rajshahi Central Library, University of Rajshahi Reading Room 22/08/1998 Ankur Prokasoni, Dhaka 302.00   428.0071054 ALE 1995 15/01/2017 C-1 Books